Proces kontroly ako významný manažérsky nástroj

Kontrola, kontroling a úloha kontrolného procesu. Zameranie kontroly. Kontrolný proces. Jednotlivé etapy kontrolného procesu. Stanovenie štandardov a kritérií. Voľba vhodných metód a nástrojov merania. Meranie skutočného výkonu. Porovnanie a hodnotenie skutočného výkonu so štandardom. Výber nápravný...

Description complète

Enregistré dans:
Détails bibliographiques
Auteur principal: Mihalčová, Bohuslava, 1963-
Autres auteurs: Pružinský, Michal, 1952-
Format: Chapitre de livre
Langue:slovaque
Sujets:
Tags: Ajouter un tag
Pas de tags, Soyez le premier à ajouter un tag!

MARC

LEADER 00000naa$a2200000$$$4500
001 0121165
005 20240502083313.2
041 0 |a slo 
044 |a PL 
245 1 0 |a Proces kontroly ako významný manažérsky nástroj  |c Bohuslava Mihalčová, Michal Pružinský 
520 |a Kontrola, kontroling a úloha kontrolného procesu. Zameranie kontroly. Kontrolný proces. Jednotlivé etapy kontrolného procesu. Stanovenie štandardov a kritérií. Voľba vhodných metód a nástrojov merania. Meranie skutočného výkonu. Porovnanie a hodnotenie skutočného výkonu so štandardom. Výber nápravných opatrení a ich aplikácia. 
610 2 0 |a kontrola 
610 2 0 |a kontroling 
610 2 0 |a financie 
610 2 0 |a pracovníci 
610 2 0 |a výkonnosť 
610 2 0 |a výkony podnikové 
610 2 0 |a štatistika 
610 2 0 |a informácie 
100 1 |a Mihalčová, Bohuslava, 1963- 
700 1 |a Pružinský, Michal, 1952-